Využitie Basel II v malých a stredných podnikoch

Analýza stratégií. Jasné kritériá pre výber stratégií. Etapa plánovania - slúži na tvorbu logického rámca a na skompletizovanie logiky stratégie. Intervenčná logika. Objektívne overiteľné ukazovatele a prostriedky. Pramene overovania. Predpoklady a riziká. Rizikové faktory ovplyvňujúce realizáciu ci...

Full description

Saved in:
Bibliographic Details
Main Author: Grančičová, Katarína, 1967-
Other Authors: Rybárová, Daniela, 1967-
Format: Book Chapter
Language:Slovak
Subjects:
Tags: Add Tag
No Tags, Be the first to tag this record!

MARC

LEADER 00000naa$a2200000$$$4500
001 0078370
005 20240502071912.6
041 0 |a slo 
044 |a SK 
245 1 0 |a Využitie Basel II v malých a stredných podnikoch  |c Katarína Grančičová, Daniela Rybárová 
520 |a Analýza stratégií. Jasné kritériá pre výber stratégií. Etapa plánovania - slúži na tvorbu logického rámca a na skompletizovanie logiky stratégie. Intervenčná logika. Objektívne overiteľné ukazovatele a prostriedky. Pramene overovania. Predpoklady a riziká. Rizikové faktory ovplyvňujúce realizáciu cieľov podniku. 
610 2 0 |a dohody 
610 2 0 |a dohody medzinárodné 
610 2 0 |a podnik malý 
610 2 0 |a podnik stredný 
610 2 0 |a plánovanie 
610 2 0 |a logika 
610 2 0 |a stratégia podnikateľská 
610 2 0 |a riziko podnikateľské 
100 1 |a Grančičová, Katarína, 1967- 
700 1 |a Rybárová, Daniela, 1967-